000 00364nam a2200145Ia 4500
008 230312s9999||||xx |||||||||||||| ||und||
020 _a1-84483-594-2
082 _a720.19
_bTSU-T
100 _aTsunetomo,s;Yamamoto
245 0 _aArt of the Samurai
260 _bunited kingdom
_aUSA
_c2008
300 _a272
650 _aArchitecture
_varchitecture
942 _cBK
999 _c11574
_d11574